Statistics for NBA Playoffs Top 100 All-Time: Steals

Click here to take the quiz!

General Stats

  • This quiz has been taken 124 times
    (10 since last reset)
  • The average score is 76 of 100

Answer Stats

#PlayerSteals% Correct
58Allen Iverson147
100%
33Ben Wallace199
100%
T11Chris Paul287
100%
T65Clifford Robinson141
100%
53David Robinson151
100%
20Dennis Johnson247
100%
28Gary Payton216
100%
23Isiah Thomas234
100%
T16James Harden272
100%
7Jason Kidd302
100%
T92Jayson Tatum116
100%
5John Stockton338
100%
T11Julius Erving287
100%
18Karl Malone258
100%
19Kawhi Leonard248
100%
T43Kevin Durant172
100%
T37Kevin Garnett178
100%
70Kevin Johnson132
100%
54Klay Thompson150
100%
6Kobe Bryant310
100%
T41Kyle Lowry174
100%
T82Kyrie Irving119
100%
8Larry Bird296
100%
1LeBron James483
100%
4Magic Johnson358
100%
10Manu Ginóbili292
100%
62Marcus Smart144
100%
T71Mark Jackson131
100%
9Maurice Cheeks295
100%
3Michael Jordan376
100%
T98Mike Bibby111
100%
T78Patrick Ewing122
100%
T43Paul George172
100%
30Paul Pierce204
100%
24Rajon Rondo228
100%
T60Rasheed Wallace145
100%
T50Ray Allen164
100%
T78Richard Hamilton122
100%
T60Robert Parish145
100%
29Russell Westbrook211
100%
2Scottie Pippen395
100%
T90Shaquille O'Neal117
100%
26Stephen Curry223
100%
T48Tim Duncan168
100%
T67Tony Allen137
100%
34Tony Parker198
100%
T63Al Horford142
75%
52Bobby Jones160
75%
100Bryon Russell110
75%
35Charles Barkley193
75%
T37Charles Oakley178
75%
T56Chauncey Billups148
75%
13Clyde Drexler278
75%
40Danny Green175
75%
T16Derek Fisher272
75%
T56Derek Harper148
75%
55Dirk Nowitzki149
75%
22Draymond Green240
75%
15Dwyane Wade273
75%
77
George Hill124
75%
T41Gus Williams174
75%
46Horace Grant171
75%
39James Worthy177
75%
97Jason Terry112
75%
47Jeff Hornacek170
75%
32Jimmy Butler201
75%
81John Starks120
75%
75J.R. Smith127
75%
T87Jrue Holiday118
75%
80Kenyon Martin121
75%
T71Metta World Peace131
75%
31Michael Cooper203
75%
59Reggie Miller146
75%
T65Ron Harper141
75%
T90Vlade Divac117
75%
27Andre Iguodala217
50%
T82Anfernee Hardaway119
50%
T95Baron Davis114
50%
25Byron Scott226
50%
T43Danny Ainge172
50%
76Doc Rivers125
50%
21Hakeem Olajuwon245
50%
36Kareem Abdul-Jabbar189
50%
T87Mario Chalmers118
50%
T92Paul Pressey116
50%
14Robert Horry276
50%
T87Sam Perkins118
50%
74Shawn Marion128
50%
T67Terry Porter137
50%
T50Dan Majerle164
25%
T48Jerome Kersey168
25%
T95Lionel Hollins114
25%
T92Mookie Blaylock116
25%
T71Nate McMillan131
25%
T82Paul Millsap119
25%
T98Derrick McKey111
0%
T82Don Buse119
0%
T82Hersey Hawkins119
0%
T67Jamaal Wilkes137
0%
T63Trevor Ariza142
0%

Score Distribution

Percentile by Number Answered

Percent of People with Each Score

Your Score History

You have not taken this quiz since the last reset